Foundations of microeconomics / (Record no. 320)
[ view plain ]
| 000 -LEADER | |
|---|---|
| fixed length control field | 00756nam a22001817a 4500 |
| 008 - FIXED-LENGTH DATA ELEMENTS--GENERAL INFORMATION | |
| fixed length control field | 111130t xxu||||| |||| 00| 0 eng d |
| 020 ## - INTERNATIONAL STANDARD BOOK NUMBER | |
| International Standard Book Number | 0201473836 |
| 050 ## - LIBRARY OF CONGRESS CALL NUMBER | |
| Classification number | HB172.B233 |
| 100 ## - MAIN ENTRY--PERSONAL NAME | |
| Personal name | Bade, Robin |
| 245 ## - TITLE STATEMENT | |
| Title | Foundations of microeconomics / |
| Statement of responsibility, etc. | Robin Bade and Michael Parkin. |
| 260 ## - PUBLICATION, DISTRIBUTION, ETC. | |
| Place of publication, distribution, etc. | Boston: |
| Name of publisher, distributor, etc. | Addison Wesley, |
| Date of publication, distribution, etc. | c2002. |
| 300 ## - PHYSICAL DESCRIPTION | |
| Extent | xxxii, 528p+various pagings |
| Other physical details | ills,(some col.) |
| Dimensions | 26cm. |
| 500 ## - GENERAL NOTE | |
| General note | Includes index |
| 505 ## - FORMATTED CONTENTS NOTE | |
| Formatted contents note | Contents: Introduction -- A Closer look at markets -- How governments influence the economy -- A Closer look at decision makers -- Prices, profits, and industry performance -- How incomes are determined -- Microeconomic policy issues. |
| 650 ## - SUBJECT ADDED ENTRY--TOPICAL TERM | |
| Topical term or geographic name entry element | Microeconomics. |
| 700 ## - ADDED ENTRY--PERSONAL NAME | |
| Personal name | Parking, Michael |
| 942 ## - ADDED ENTRY ELEMENTS (KOHA) | |
| Source of classification or shelving scheme | Library of Congress Classification |
| Koha item type | Books |
| Withdrawn status | Lost status | Source of classification or shelving scheme | Damaged status | Not for loan | Home library | Current library | Shelving location | Date acquired | Total Checkouts | Full call number | Barcode | Date last seen | Price effective from | Koha item type |
|---|---|---|---|---|---|---|---|---|---|---|---|---|---|---|
| Library of Congress Classification | WISCONSIN INTERNATIONAL UNIVERSITY COLLEGE, GHANA - MAIN LIBRARY | WISCONSIN INTERNATIONAL UNIVERSITY COLLEGE, GHANA - MAIN LIBRARY | General Stacks | 30/11/2011 | HB172.B233 | 877/11 | 30/11/2011 | 30/11/2011 | Books |
